| 000 | 00729nam a2200205 a 4500 | ||
|---|---|---|---|
| 001 | 000035077 | ||
| 005 | 20200930074105.0 | ||
| 008 | 110801s1929 ag c 000 p spa d | ||
| 020 | _a8449905141 | ||
| 040 |
_aDO-SdBNP _bspa _cBNPHU |
||
| 082 |
_aPR861.08 _bC569m |
||
| 245 | 0 | 0 |
_aLas cien mejores poesías líricas de Puerto Rico / _cselección, prólogo y siluetas por Jorge Luis Morales. |
| 260 |
_aRio Piedra : _bEdil, _c1929. |
||
| 300 |
_a289 p. ; _c20 cm. |
||
| 590 | _aPerteneció a la biblioteca personal de Juan Isidro Jimenes Grullón. | ||
| 650 | 4 |
_aPoesía puertorriqueña _91015 |
|
| 650 | 4 |
_aLiteratura puertorriqueña _9250 |
|
| 700 | 1 | 2 |
_aMorales , Jorge Luis _960737 |
| 910 | _aValidado. Control de calidad MFF | ||
| 999 |
_c34568 _d34568 |
||